| 000 | 01381nam a22002777a 4500 | ||
|---|---|---|---|
| 999 |
_c40923 _d40923 |
||
| 001 | 11851 | ||
| 003 | CO-MdFUSB | ||
| 005 | 20180622073147.0 | ||
| 008 | 180206t1994 xxu||||| |||| 00| 0 spa d | ||
| 020 | _a1-56063-846-X | ||
| 040 |
_aCO-MdFUSB _bspa _cCO-MdFUSB _dCO-MdFUSBC _erda |
||
| 041 | 0 |
_aspa _heng |
|
| 082 | 0 | 4 | _aG 226.6 W1321e |
| 100 | 1 |
_aWagner, C. Pedro (Peter) _eautor |
|
| 245 | 1 |
_aExtendiendo el fuego _b: Una nueva mirada al libro de los Hechos (Hechos 1 al 8) _c / C. Peter Wagner ; Guillermo Vázquez, Traductor |
|
| 264 | 4 |
_aMiami, FL., USA : _b Unilit, _c©1994 |
|
| 300 |
_aVolumen 1, 223 Páginas _b: _c; |
||
| 336 |
_2rdacontent _atexto _btxt |
||
| 337 |
_2rdamedia _asin mediación _bn |
||
| 338 |
_2rdacarrier _avolumen _bnc |
||
| 500 | _aTítulo original : Spreading the fire | ||
| 505 | 0 | 0 | _aManual de entrenamiento de Dios para los cristianos modernos -- Cómo Jesús atrajo a ciento veinte seguidores -- La reunión de oración más poderosa de la historia -- La explosión espiritual en Pentecostés -- Ciento treinta convertidos al día pueden sacudir una ciudad -- Siga estas señales para la salvación -- Debería los extranjeros dirigir la iglesia? -- Samaria: prédica al otro lado del camino |
| 653 | _aBiblia N.T. - Hechos de los apóstoles - Comentarios | ||
| 942 | _cBK | ||